A passage across Europe / (Record no. 55729)

MARC details
000 -LEADER
fixed length control field 00744nam a22002177a 4500
005 - DATE AND TIME OF LATEST TRANSACTION
control field 20110816122752.0
008 - FIXED-LENGTH DATA ELEMENTS--GENERAL INFORMATION
fixed length control field 110816t xxu||||| |||| 00| 0 eng d
010 ## - LCCN (DPL NO)
LC control number ENG-103510
020 ## - INTERNATIONAL STANDARD BOOK NUMBER
International Standard Book Number 9788177792362
Terms of availability 200.00
035 ## - SYSTEM CONTROL NUMBER
System control number EN-87043
037 ## - SOURCE OF ACQUISITION
Source of stock number/acquisition DBAD/PUB
040 ## - CATALOGING SOURCE
Original cataloging agency DPL
Language of cataloging Eng
082 ## - DEWEY DECIMAL CLASSIFICATION NUMBER
Classification number 940
100 ## - MAIN ENTRY--PERSONAL NAME
9 (RLIN) 32849
Personal name Sharma, Partha Sarthi Sen
245 ## - TITLE STATEMENT
Title A passage across Europe /
Statement of responsibility, etc by Partha Sarthi Sen Sharma
260 ## - PUBLICATION, DISTRIBUTION, ETC. (IMPRINT)
Place of publication, distribution, etc Allahabad
Name of publisher, distributor, etc Sahitya Bhandar
Date of publication, distribution, etc 2010
270 ## - ADDRESS
Address 50,Chathchand,(Zero Road),
City Allahabad
Postal code 211003
300 ## - PHYSICAL DESCRIPTION
Extent 160p.
Dimensions 22cm (Hb)
942 ## - ADDED ENTRY ELEMENTS (KOHA)
Source of classification or shelving scheme Dewey Decimal Classification
Item type English Books
Call number suffix SHA
Classification part 940
Holdings
Withdrawn status Lost status Source of classification or shelving scheme Damaged status Not for loan Collection code Home library Current library Date acquired Source of acquisition Cost, normal purchase price Total Checkouts Full call number Barcode Date last seen Copy number Cost, replacement price Koha item type
    Dewey Decimal Classification   Not For Loan Non-fiction D.B.Act.Division D.B.Act.Division 19/08/2011 DBAD / PUB 200.00   940SHA EN-87043 19/08/2011 1 200.00 English Books

© Delhi Public Library
Hit Counter
free hit counter